000 00586cam a22001692 b4500
020 _a9048199166 (Trade Cloth)
020 _a9789048199167
082 _a627.4
_bSCH
_cN-04 , P-73
100 1 _aSchumann, Andreas H.
_936377
245 1 0 _aFlood Risk Assessment and Management
_bHow to Specify Hydrological Loads, Their Consequences and Uncertainties
260 _aNew York :
_bSpringer
_cJan. 2011
520 8 _aAnnotation
526 _a0
_b0
_c0
_d627_400000000000000_SCH
650 _aNUST
_96342
856 4 0 _uhttp://www.columbia.edu/cgi-bin/cul/resolve?clio8790322
942 _2ddc
_cBK
999 _c541467
_d541467